000 00760nam0a22002411 4500
001 rc\58221
005 20021216125725.7
035 _a(NLR Aleph) 005334777
090 _a6629682
_c6629682
100 _a20021216d1993 u |0rusy50 ca
101 0 _arus
102 _aRU
105 _ay |||||||||
200 1 _aГомеопатический справочник
_eРеперториум
_e[Пер. с англ.]
210 _aМ.
_cКооператив "Факел-1"
_d1993
215 _a324, [1] с.
_d21
300 _aПеревод изд.: Repertory / O.E. Boericke (Philadelphia, 1927)
700 1 _aБерике
_bО. Е.
_gОскар Е.
801 0 _aRU
_bNLR
_gpsbo
801 1 _aRU
_bELAR
_2rusmarc
852 _aNLR
_j93-3/2888
942 _cBOOK
980 _aNB